| 000 | 01179nam a22002177a 4500 | ||
|---|---|---|---|
| 999 |
_c58970 _d58970 |
||
| 003 | Ge_BSU | ||
| 005 | 20221025145743.0 | ||
| 008 | 221025s2006 ge ||||| |||| 00| 0 geo d | ||
| 020 | _a9994087215 | ||
| 041 | _ageo | ||
| 080 | _a327(100) + 32.001(042.4) მ-54 | ||
| 100 |
_aმელიქიძე, ვალერი _915535 |
||
| 245 |
_aმსოფლიო პოლიტიკის გლობალიზაცია : _bსალექციო კურსი სოც. მეცნ. მაგისტრატურისათვის / _cვალერი მელიქიძე ; [მთ. რედ.: მარინე ჩიტაშვილი, ენობრ. რედ.: ლია კაჭარავა]. |
||
| 264 |
_aთბილისი _bსოციალურ მეცნიერებათა ცენტრი, _c2006. |
||
| 300 |
_a152გვ. : _bილ. ; _c29სმ. |
||
| 520 | _a რეზ. ინგლ. ენ. | ||
| 653 | _a გლობალიზაცია | ||
| 653 | _a პოლიტოლოგია | ||
| 653 | _a გლობალური საზოგადოებები | ||
| 942 |
_2udc _cBK |
||